000 00442pab a2200181 454500
008 180718b2006 xxu||||| |||| 00| 0 eng d
100 _aUppal, R.K.
245 _aGlobalization and banking industry: challenges and opportunities
260 _c2006
300 _ap.183-216.
650 _aWTO
650 _aGlobalization
650 _aBanks
700 _aKaur, Rimpi
773 _aManagement and Change
908 _aN
909 _a74965
999 _c74965
_d74965